The geology and ground-water resources of Calcasieu Parish, Louisiana / (Record no. 29460)

MARC details
000 -LEADER
fixed length control field 01593cam a22003371a 4500
001 - CONTROL NUMBER
control field gs 60000225
003 - CONTROL NUMBER IDENTIFIER
control field DLC
005 - DATE AND TIME OF LATEST TRANSACTION
control field 20260227111409.0
008 - FIXED-LENGTH DATA ELEMENTS--GENERAL INFORMATION
fixed length control field 780825s1960 dcuab b f001 0 eng
010 ## - LIBRARY OF CONGRESS CONTROL NUMBER
LC control number gs 60000225
035 ## - SYSTEM CONTROL NUMBER
System control number (OCoLC)4169549
040 ## - CATALOGING SOURCE
Original cataloging agency DLC
Transcribing agency LMN
Modifying agency DNAL
-- OCoLC
-- DLC
042 ## - AUTHENTICATION CODE
Authentication code premarc
050 00 - LIBRARY OF CONGRESS CALL NUMBER
Classification number TC801
Item number .U2 no. 1488
070 0# - NATIONAL AGRICULTURAL LIBRARY CALL NUMBER
Classification number 407
Item number G29W no.1488
072 #0 - SUBJECT CATEGORY CODE
Subject category code P200
082 ## - DEWEY DECIMAL CLASSIFICATION NUMBER
Classification number 551.490976354
100 1# - MAIN ENTRY--PERSONAL NAME
Personal name Harder, Alfred H.
Fuller form of name (Alfred Harry),
Dates associated with a name 1919-
245 14 - TITLE STATEMENT
Title The geology and ground-water resources of Calcasieu Parish, Louisiana /
Statement of responsibility, etc. by Alfred H. Harder.
260 ## - PUBLICATION, DISTRIBUTION, ETC.
Place of publication, distribution, etc. Washington, D.C. :
Name of publisher, distributor, etc. U.S. G.P.O.,
Date of publication, distribution, etc. 1960.
300 ## - PHYSICAL DESCRIPTION
Extent vi, 102 p. :
Other physical details ill., maps ;
Dimensions 24 cm.
440 #0 - SERIES STATEMENT/ADDED ENTRY--TITLE
Title Geological Survey water-supply paper ;
Volume/sequential designation 1488
500 ## - GENERAL NOTE
General note Nine folded leaves in pocket.
500 ## - GENERAL NOTE
General note "Prepared in cooperation with the Louisiana Department of Public Works and the Louisiana Geological Survey, Department of Conservation."
500 ## - GENERAL NOTE
General note Includes index.
501 ## - WITH NOTE
With note With : Geology and ground water in the Platte-Republican Rivers watershed and the Little Blue River Basin above Angus, Nebraska -- Geology and ground-water resources of Platte County, Wyoming -- Geology and ground-water features of the Butte Valley region, Siskiyou County, California. Washington, D.C. : U.S. G.P.O., 1960. Bound together subsequent to publication.
Institution to which field applies DLC
504 ## - BIBLIOGRAPHY, ETC. NOTE
Bibliography, etc. note Bibliography: p. 98-99.
650 #0 - SUBJECT ADDED ENTRY--TOPICAL TERM
Topical term or geographic name entry element Groundwater
Geographic subdivision Louisiana
-- Calcasieu Parish.
650 #0 - SUBJECT ADDED ENTRY--TOPICAL TERM
Topical term or geographic name entry element Water-supply
Geographic subdivision Louisiana
-- Calcasieu Parish.
650 #0 - SUBJECT ADDED ENTRY--TOPICAL TERM
Topical term or geographic name entry element Geology
Geographic subdivision Louisiana
-- Calcasieu Parish.

No items available.

Powered by Koha